[Event "Madrid-chT 1415"]
[Site "Madrid"]
[Date "2015.03.01"]
[Round "12.41"]
[White "Granda Zuniga, Julio E"]
[Black "Bolado Saez, Sergio"]
[Result "1/2-1/2"]
[WhiteElo "2654"]
[BlackElo "2358"]
[PlyCount "148"]
[EventDate "2014.11.23"]
[EventType "team-tourn"]
[EventRounds "14"]
[EventCountry "ESP"]
[SourceTitle "EXT 2016"]
[Source "ChessBase"]
[SourceDate "2015.10.08"]
[SourceVersion "1"]
[SourceVersionDate "2015.10.08"]
[SourceQuality "1"]
[WhiteTeam "Collado Villalba"]
[BlackTeam "Blanco y Negro"]
[WhiteTeamCountry "ESP"]
[BlackTeamCountry "ESP"]

1. Nf3 d5 2. b3 c5 3. Bb2 f6 4. e3 e5 5. d4 cxd4 6. exd4 e4 7. Nfd2 f5 8. c4 Nf6 9. Nc3 Be6 10. cxd5 Nxd5 11. Bc4 Bb4 12. Nxd5 Bxd5 13. Qh5+ g6 14. Qh6 Nc6 15. 0-0-0 Qa5 16. Kb1 Bxd2 17. Rxd2 0-0-0 18. Rc1 Kb8 19. a3 Qc7 20. b4 Qf7 21. Qf4+ Ka8 22. Bf1 h6 23. Rdc2 g5 24. Qd2 f4 25. b5 Ne7 26. Rc7 Qe6 27. Ka1 e3 28. fxe3 fxe3 29. Qb4 Nc8 30. Re1 Rhf8 31. Bc1 Rf2 32. Rxe3 Qg4 33. h3 Qf4 34. Rec3 Qf5 35. Bd3 Qe6 36. g4 Nb6 37. Bf5 Qe2 38. Rc2 Qf1 39. Rxf2 Qxf2 40. Rc2 Qf1 41. a4 Nc4 42. Qc3 Qg1 43. Re2 b6 44. Be4 Bxe4 45. Rxe4 Rc8 46. Re1 Qf2 47. Bb2 Kb8 48. Rc1 Nd6 49. Qe1 Qxe1 50. Rxe1 Rc4 51. Re6 Rxa4+ 52. Kb1 Nxb5 53. d5 Na3+ 54. Kc1 Nc4 55. Bg7 Ra5 56. d6 Rd5 57. Bxh6 Nxd6 58. Bxg5 Rxg5 59. Rxd6 b5 60. Rd4 Kb7 61. h4 Rc5+ 62. Kb2 Re5 63. h5 Re2+ 64. Kc3 Rh2 65. Rd6 a5 66. h6 Rh3+ 67. Kd4 b4 68. g5 b3 69. Rd5 Kb6 70. Kc4 a4 71. Kb4 Kc6 72. Rd2 Rh5 73. Rg2 b2 74. Rxb2 Rxg5 1/2-1/2

[Event "Madrid-chT 1415"]
[Site "Madrid"]
[Date "2015.01.11"]
[Round "5.4"]
[White "Bolado Saez, Sergio"]
[Black "Vazquez Igarza, Renier"]
[Result "0-1"]
[WhiteElo "2358"]
[BlackElo "2597"]
[PlyCount "84"]
[EventDate "2014.11.23"]
[EventType "team-tourn"]
[EventRounds "14"]
[EventCountry "ESP"]
[SourceTitle "EXT 2016"]
[Source "ChessBase"]
[SourceDate "2015.10.08"]
[SourceVersion "1"]
[SourceVersionDate "2015.10.08"]
[SourceQuality "1"]
[WhiteTeam "Blanco y Negro"]
[BlackTeam "Collado Villalba"]
[WhiteTeamCountry "ESP"]
[BlackTeamCountry "ESP"]

1. d4 Nf6 2. c4 e6 3. Nf3 b6 4. g3 Ba6 5. b3 Bb4+ 6. Bd2 Be7 7. Bg2 c6 8. 0-0 d5 9. Bc3 0-0 10. Nbd2 Nbd7 11. Re1 c5 12. e4 Nxe4 13. Nxe4 dxe4 14. Rxe4 Bb7 15. Re2 cxd4 16. Nxd4 Bxg2 17. Kxg2 Qc7 18. Rd2 Ne5 19. Qe2 Qb7+ 20. f3 Ng6 21. Rad1 a6 22. b4 Rac8 23. Rc2 Bf6 24. Nb3 Bxc3 25. Rxc3 h6 26. Rd6 Qc7 27. c5 Ne7 28. Rcd3 Nd5 29. Rd4 a5 30. Qe5 bxc5 31. Rg4 Ne3+ 32. Qxe3 Qxd6 33. bxc5 Qd5 34. Qxh6 Qe5 35. Qd2 Rfd8 36. Qc2 Rd5 37. Rc4 Qe3 38. Re4 Qd3 39. Qf2 Qb5 40. Qe1 a4 41. Rb4 Qa6 42. Rb6 Qd3 0-1

[Event "Madrid-chT 1314"]
[Site "Madrid"]
[Date "2014.02.23"]
[Round "11.42"]
[White "Ocana Lameiro, Oliver"]
[Black "Bolado Saez, Sergio"]
[Result "0-1"]
[WhiteElo "2044"]
[BlackElo "2349"]
[PlyCount "58"]
[EventDate "2013.11.16"]
[EventType "team-tourn"]
[EventRounds "14"]
[EventCountry "ESP"]
[SourceTitle "EXT 2015"]
[Source "ChessBase"]
[SourceDate "2014.11.20"]
[SourceVersion "1"]
[SourceVersionDate "2014.11.20"]
[SourceQuality "1"]
[WhiteTeam "San Fernando de Henares"]
[BlackTeam "Blanco y Negro"]
[WhiteTeamCountry "ESP"]
[BlackTeamCountry "ESP"]

1. Nf3 c5 2. c4 Nf6 3. d4 cxd4 4. Nxd4 e5 5. Nb5 d5 6. cxd5 Bc5 7. e3 0-0 8. N5c3 a6 9. Be2 e4 10. 0-0 Re8 11. a3 Bf5 12. b4 Bd6 13. Bb2 Nbd7 14. Nd2 Ne5 15. g3 Rc8 16. Rc1 h5 17. Nb3 h4 18. Na5 Qd7 19. Na4 Rxc1 20. Bxc1 Bg4 21. Bxg4 Nfxg4 22. Nc5 Bxc5 23. bxc5 Nf3+ 24. Kg2 Nfxh2 25. c6 bxc6 26. dxc6 Qf5 27. Qd7 Qf3+ 28. Kg1 h3 29. Qxe8+ Kh7 0-1

[Event "Madrid-chT 1314"]
[Site "Madrid"]
[Date "2014.02.09"]
[Round "9.32"]
[White "Vazquez Igarza, Renier"]
[Black "Bolado Saez, Sergio"]
[Result "1-0"]
[WhiteElo "2588"]
[BlackElo "2349"]
[PlyCount "165"]
[EventDate "2013.11.16"]
[EventType "team-tourn"]
[EventRounds "14"]
[EventCountry "ESP"]
[SourceTitle "EXT 2015"]
[Source "ChessBase"]
[SourceDate "2014.11.20"]
[SourceVersion "1"]
[SourceVersionDate "2014.11.20"]
[SourceQuality "1"]
[WhiteTeam "Collado Villalba"]
[BlackTeam "Blanco y Negro"]
[WhiteTeamCountry "ESP"]
[BlackTeamCountry "ESP"]

1. d4 d5 2. Nf3 c6 3. c4 Nf6 4. Nc3 e6 5. Bg5 h6 6. Bxf6 Qxf6 7. e3 Nd7 8. Bd3 dxc4 9. Bxc4 g6 10. 0-0 Bg7 11. Re1 0-0 12. e4 e5 13. d5 Nb6 14. Bb3 Bg4 15. Re3 Rad8 16. h3 Bd7 17. Qe2 Qe7 18. a3 Kh8 19. Rd1 Rde8 20. dxc6 Bxc6 21. Nd5 Bxd5 22. Bxd5 Rc8 23. Bb3 Rc7 24. Red3 Rfc8 25. Qd2 Bf8 26. h4 f5 27. Qe1 f4 28. Qd2 Kh7 29. a4 Bg7 30. a5 Nc4 31. Bxc4 Rxc4 32. Rd7 Qc5 33. Rxb7 Rc2 34. Qe1 Rc7 35. Rxc7 Qxc7 36. Qb4 Rc4 37. Qb5 Rc5 38. Qe8 Rc1 39. Rxc1 Qxc1+ 40. Kh2 Qxb2 41. h5 gxh5 42. Qxh5 Kg8 43. Qe8+ Kh7 44. Nh4 Qxf2 45. Qg6+ Kh8 46. Nf5 Bf8 47. Qf7 Qc5 48. Kh3 a6 49. Kg4 Qc8 50. Qf6+ Kh7 51. Qxe5 Qd8 52. Kxf4 Qd2+ 53. Kg3 Qg5+ 54. Kf3 Qh5+ 55. Kf2 Qg6 56. Qd5 Qf6 57. Kf3 Qc3+ 58. Kg4 Qf6 59. Kh3 Qg6 60. Qb7+ Kh8 61. Qb6 Qh5+ 62. Kg3 Qg5+ 63. Kf3 Qh5+ 64. Kf2 Qg5 65. Qd4+ Kh7 66. Qd7+ Kh8 67. Qd4+ Kh7 68. g3 h5 69. Qd5 Qf6 70. Kg2 Qb2+ 71. Kh3 Qf6 72. Qd7+ Kg6 73. Qc8 Kg5 74. Qc4 Qg6 75. Kg2 Ba3 76. Qd4 Bf8 77. Qc4 Ba3 78. Kf3 Bb2 79. Qd5 Kf6 80. Qc6+ Kg5 81. Qd5 Kf6 82. Qd6+ Kf7 83. Qc7+ 1-0